Tratado elemental de seguros / (Registro nro. 5986)

Detalles MARC
000 -LEADER
fixed length control field 00717nam a2200229Ia 4500
003 - CONTROL NUMBER IDENTIFIER
control field OSt
005 - DATE AND TIME OF LATEST TRANSACTION
control field 20200810202516.0
008 - FIXED-LENGTH DATA ELEMENTS--GENERAL INFORMATION
fixed length control field 191128s1963 ck gr 000 0 spa d
040 ## - CATALOGING SOURCE
Original cataloging agency CO-JMCR
Transcribing agency CO-JMCR
041 0# - LANGUAGE CODE
Language code of text/sound track or separate title spa
082 04 - DEWEY DECIMAL CLASSIFICATION NUMBER
Classification number 368 /
Item number O771t
Edition number 23
100 1# - MAIN ENTRY--PERSONAL NAME
Personal name Ossa G., J. Efren,
Relator term autor
9 (RLIN) 8548
245 #0 - TITLE STATEMENT
Title Tratado elemental de seguros /
250 ## - EDITION STATEMENT
Edition statement Segunda edición
260 ## - PUBLICATION, DISTRIBUTION, ETC.
Place of publication, distribution, etc. Bogotá :
Name of publisher, distributor, etc. Lerner,
Date of publication, distribution, etc. 1963.
300 ## - PHYSICAL DESCRIPTION
Extent lxxxxvi, 575 páginas ;
Dimensions 28 cm.
505 0# - FORMATTED CONTENTS NOTE
Formatted contents note Aspecto técnico económico y político del seguro -- Aspecto jurídico del seguro -- Seguros
650 24 - SUBJECT ADDED ENTRY--TOPICAL TERM
Topical term or geographic name entry element Segros terrestres
9 (RLIN) 8549
650 24 - SUBJECT ADDED ENTRY--TOPICAL TERM
Topical term or geographic name entry element Seguros marítimos
9 (RLIN) 8550
650 24 - SUBJECT ADDED ENTRY--TOPICAL TERM
Topical term or geographic name entry element Seguros aéreos
9 (RLIN) 8551
942 ## - ADDED ENTRY ELEMENTS (KOHA)
Source of classification or shelving scheme Dewey Decimal Classification
Koha item type Books
Existencias
Withdrawn status Lost status Source of classification or shelving scheme Materials specified (bound volume or other part) Damaged status Not for loan Home library Current library Shelving location Date acquired Source of acquisition Total Checkouts Full call number Barcode Date last seen Date last checked out Copy number Price effective from Koha item type
    Dewey Decimal Classification Donación--15/04/2018--     Biblioteca Pública José María del Castillo y Rada Biblioteca Pública José María del Castillo y Rada General Stacks 11/28/2019 Donación 2 368 / O771t 430011328 05/16/2024 07/12/2023 Ej.1 11/28/2019 Books